Modi's Medical Jurisprudence and Toxicology (Record no. 540961)
[ view plain ]
| 000 -LEADER | |
|---|---|
| fixed length control field | 00317nam a22001097a 4500 |
| 082 ## - DEWEY DECIMAL CLASSIFICATION NUMBER | |
| Classification number | 340.6 MAT |
| 100 ## - MAIN ENTRY--PERSONAL NAME | |
| Personal name | K. Mathiharan and Amrit K. Patnaik |
| 245 ## - TITLE STATEMENT | |
| Title | Modi's Medical Jurisprudence and Toxicology |
| Statement of responsibility, etc. | Mathiharan K |
| 300 ## - PHYSICAL DESCRIPTION | |
| Extent | 962,417p |
| 942 ## - ADDED ENTRY ELEMENTS (KOHA) | |
| Source of classification or shelving scheme | |
| Koha item type | Book |
| Withdrawn status | Lost status | Source of classification or shelving scheme | Damaged status | Not for loan | Permanent Location | Current Location | Date acquired | Total Checkouts | Full call number | Barcode | Date last seen | Date last checked out | Price effective from | Koha item type | Shelving location | Source of acquisition | Total Renewals |
|---|---|---|---|---|---|---|---|---|---|---|---|---|---|---|---|---|---|
| NUST Law School (NLS) | NUST Law School (NLS) | 11/13/2020 | 2 | 340.6 MAT | CL-435 | 02/12/2026 | 09/18/2024 | 11/13/2020 | Book | ||||||||
| NUST Law School (NLS) | NUST Law School (NLS) | 11/13/2020 | 340.6 MAT | CL-472 | 04/28/2023 | 11/13/2020 | Book | Law | Golden Books | 1 |
